[Event "2025 National K-12 Grade Championship"]
[Site "Spokane, WI USA, United States"]
[Date "2025.12.13"]
[Round "5.11"]
[White "Willy, Stephen John"]
[Black "Tang, Austin"]
[Result "0-1"]
[TimeControl "G/90; d10"]
[WhiteTitle "FM"]
[WhiteFideId "30981468"]
[BlackFideId "30964580"]
[WhiteElo "2313"]
[BlackElo "2172"]

1. e4 {[%clk 01:30:00]} {[%emt 00:00:02]} c5 {[%clk 01:30:00]} {[%emt
00:00:04]} 2. c3 {[%clk 01:29:56]} {[%emt 00:00:20]} Nf6 {[%clk 01:30:00]}
{[%emt 00:00:04]} 3. e5 {[%clk 01:29:56]} {[%emt 00:00:05]} Nd5 {[%clk
01:30:00]} {[%emt 00:00:04]} 4. d4 {[%clk 01:29:56]} {[%emt 00:00:05]} cxd4
{[%clk 01:30:00]} {[%emt 00:00:05]} 5. cxd4 {[%clk 01:29:56]} {[%emt 00:00:05]}
d6 {[%clk 01:28:32]} {[%emt 00:01:38]} 6. Bc4 {[%clk 01:29:56]} {[%emt
00:00:07]} Nb6 {[%clk 01:23:16]} {[%emt 00:05:25]} 7. Bb3 {[%clk 01:29:56]}
{[%emt 00:00:08]} dxe5 {[%clk 01:21:23]} {[%emt 00:02:04]} 8. Qh5 {[%clk
01:29:56]} {[%emt 00:00:06]} e6 {[%clk 01:20:45]} {[%emt 00:00:49]} 9. dxe5
{[%clk 01:29:56]} {[%emt 00:00:05]} Nc6 {[%clk 01:18:09]} {[%emt 00:02:47]} 10.
Nc3 {[%clk 01:28:25]} {[%emt 00:01:41]} g6 {[%clk 01:10:26]} {[%emt 00:07:53]}
11. Qe2 {[%clk 01:25:08]} {[%emt 00:03:26]} Bg7 {[%clk 01:09:19]} {[%emt
00:01:17]} 12. Nf3 {[%clk 01:25:00]} {[%emt 00:00:18]} Nd7 {[%clk 01:06:23]}
{[%emt 00:03:06]} 13. O-O {[%clk 01:18:45]} {[%emt 00:06:25]} Ndxe5 {[%clk
00:53:27]} {[%emt 00:13:06]} 14. Nxe5 {[%clk 01:17:22]} {[%emt 00:01:33]} Bxe5
{[%clk 00:43:38]} {[%emt 00:09:59]} 15. Rd1 {[%clk 01:15:59]} {[%emt 00:01:33]}
Qe7 {[%clk 00:42:34]} {[%emt 00:01:14]} 16. Ne4 {[%clk 01:11:30]} {[%emt
00:04:38]} O-O {[%clk 00:41:06]} {[%emt 00:01:38]} 17. Bg5 {[%clk 01:09:24]}
{[%emt 00:02:18]} f6 {[%clk 00:37:06]} {[%emt 00:04:10]} 18. Be3 {[%clk
01:08:47]} {[%emt 00:00:46]} b6 {[%clk 00:34:35]} {[%emt 00:02:42]} 19. f4
{[%clk 00:54:53]} {[%emt 00:14:03]} Bc7 {[%clk 00:33:03]} {[%emt 00:01:42]} 20.
Rac1 {[%clk 00:52:40]} {[%emt 00:02:24]} Nb4 {[%clk 00:19:11]} {[%emt
00:14:01]} 21. Qc4 {[%clk 00:47:29]} {[%emt 00:05:21]} Rf7 {[%clk 00:14:46]}
{[%emt 00:04:35]} 22. Bd4 {[%clk 00:43:51]} {[%emt 00:03:47]} Bxf4 {[%clk
00:11:49]} {[%emt 00:03:07]} 23. Rc3 {[%clk 00:37:32]} {[%emt 00:06:30]} Nd5
{[%clk 00:10:49]} {[%emt 00:01:10]} 24. Rf3 {[%clk 00:37:00]} {[%emt 00:00:41]}
f5 {[%clk 00:08:33]} {[%emt 00:02:26]} 25. Nc3 {[%clk 00:30:43]} {[%emt
00:06:27]} Bb7 {[%clk 00:06:51]} {[%emt 00:01:53]} 26. Re1 {[%clk 00:30:37]}
{[%emt 00:00:16]} Bxh2+ {[%clk 00:06:27]} {[%emt 00:00:34]} 27. Kf1 {[%clk
00:30:28]} {[%emt 00:00:19]} Nc7 {[%clk 00:03:26]} {[%emt 00:03:11]} 28. Nb5
{[%clk 00:29:27]} {[%emt 00:01:11]} Bd5 {[%clk 00:01:56]} {[%emt 00:01:40]} 29.
Qd3 {[%clk 00:29:02]} {[%emt 00:00:34]} Bxf3 {[%clk 00:01:39]} {[%emt
00:00:28]} 30. Qxf3 {[%clk 00:28:52]} {[%emt 00:00:20]} Rd8 {[%clk 00:01:28]}
{[%emt 00:00:21]} 31. Nxc7 {[%clk 00:28:43]} {[%emt 00:00:19]} Qxc7 {[%clk
00:01:28]} {[%emt 00:00:03]} 32. Rxe6 {[%clk 00:28:39]} {[%emt 00:00:14]} Rxd4
{[%clk 00:01:14]} 0-1

[Event "2025 National K-12 Grade Championship"]
[Site "Spokane, WI USA, United States"]
[Date "2025.12.13"]
[Round "5.12"]
[White "Marian, Aaron"]
[Black "Puram, Tejas"]
[Result "1-0"]
[TimeControl "G/90; d10"]
[WhiteFideId "30964300"]
[BlackFideId "39959520"]
[WhiteElo "2143"]
[BlackElo "1914"]

1. d4 {[%clk 01:25:04]} {[%emt 00:04:55]} Nf6 {[%emt 00:00:10]} 2. c4 {[%clk
01:25:04]} e6 {[%clk 01:30:00]} {[%emt 00:00:05]} 3. Nf3 {[%clk 01:25:04]}
{[%emt 00:00:03]} d5 {[%clk 01:30:00]} {[%emt 00:00:06]} 4. Bg5 {[%clk
01:25:04]} {[%emt 00:00:04]} Be7 {[%clk 01:30:00]} {[%emt 00:00:06]} 5. e3
{[%clk 01:25:04]} {[%emt 00:00:06]} c6 {[%clk 01:29:40]} {[%emt 00:00:31]} 6.
Nc3 {[%clk 01:24:33]} {[%emt 00:00:42]} Nbd7 {[%clk 01:29:36]} {[%emt
00:00:14]} 7. Bd3 {[%clk 01:23:52]} {[%emt 00:00:51]} h6 {[%clk 01:29:05]}
{[%emt 00:00:41]} 8. Bf4 {[%clk 01:23:00]} {[%emt 00:01:00]} O-O {[%clk
01:27:55]} {[%emt 00:01:21]} 9. cxd5 {[%clk 01:20:51]} {[%emt 00:02:20]} exd5
{[%clk 01:27:47]} {[%emt 00:00:18]} 10. g4 {[%clk 01:16:22]} {[%emt 00:04:38]}
Re8 {[%clk 01:24:32]} {[%emt 00:03:26]} 11. Qc2 {[%clk 01:15:06]} {[%emt
00:01:25]} Nf8 {[%clk 01:18:53]} {[%emt 00:05:49]} 12. h3 {[%clk 01:11:50]}
{[%emt 00:03:25]} Ne6 {[%clk 01:17:11]} {[%emt 00:01:53]} 13. Be5 {[%clk
01:10:49]} {[%emt 00:01:11]} c5 {[%clk 01:13:56]} {[%emt 00:03:26]} 14. O-O-O
{[%clk 01:09:03]} {[%emt 00:01:55]} a5 {[%clk 01:06:57]} {[%emt 00:07:10]} 15.
Rdg1 {[%clk 01:07:40]} {[%emt 00:01:31]} a4 {[%clk 01:02:28]} {[%emt 00:04:41]}
16. h4 {[%clk 01:05:52]} {[%emt 00:01:58]} cxd4 {[%clk 00:55:53]} {[%emt
00:06:45]} 17. exd4 {[%clk 01:05:26]} {[%emt 00:00:36]} a3 {[%clk 00:54:32]}
{[%emt 00:01:32]} 18. b3 {[%clk 01:01:03]} {[%emt 00:04:32]} Nd7 {[%clk
00:50:46]} {[%emt 00:03:55]} 19. Bh7+ {[%clk 00:56:56]} {[%emt 00:04:17]} Kh8
{[%clk 00:48:56]} {[%emt 00:02:01]} 20. g5 {[%clk 00:53:48]} {[%emt 00:03:17]}
hxg5 {[%clk 00:43:00]} {[%emt 00:06:07]} 21. hxg5 {[%clk 00:53:17]} {[%emt
00:00:41]} Nxg5 {[%clk 00:42:52]} {[%emt 00:00:17]} 22. Nxg5 {[%clk 00:51:32]}
{[%emt 00:01:55]} Bxg5+ {[%clk 00:42:52]} {[%emt 00:00:08]} 23. Rxg5 {[%clk
00:51:10]} {[%emt 00:00:32]} Qxg5+ {[%clk 00:42:18]} {[%emt 00:00:44]} 24. f4
{[%clk 00:51:10]} {[%emt 00:00:07]} Qd8 {[%clk 00:39:20]} {[%emt 00:03:08]} 25.
Bg8+ {[%clk 00:51:09]} {[%emt 00:00:11]} Kxg8 {[%clk 00:39:20]} {[%emt
00:00:03]} 26. Qh7+ {[%clk 00:51:09]} {[%emt 00:00:08]} Kf8 {[%clk 00:39:20]}
{[%emt 00:00:02]} 27. Bd6+ {[%clk 00:51:09]} {[%emt 00:00:09]} Re7 {[%clk
00:39:20]} {[%emt 00:00:02]} 28. Qh8# {[%clk 00:51:09]} 1-0

[Event "2025 National K-12 Grade Championship"]
[Site "Spokane, WI USA, United States"]
[Date "2025.12.13"]
[Round "5.13"]
[White "Das, Aditeya"]
[Black "Cherukuri, Nitesh"]
[Result "1/2-1/2"]
[TimeControl "G/90; d10"]
[WhiteTitle "FM"]
[BlackTitle "FM"]
[WhiteFideId "30975972"]
[BlackFideId "30978688"]
[WhiteElo "2382"]
[BlackElo "2338"]

1. e4 {[%clk 01:28:15]} {[%emt 00:01:55]} c5 {[%clk 01:29:41]} {[%emt
00:00:29]} 2. Nf3 {[%clk 01:28:15]} {[%emt 00:00:03]} Nc6 {[%clk 01:29:41]}
{[%emt 00:00:05]} 3. Bb5 {[%clk 01:27:47]} {[%emt 00:00:38]} e6 {[%clk
01:29:41]} {[%emt 00:00:06]} 4. O-O {[%clk 01:27:47]} {[%emt 00:00:07]} Nge7
{[%clk 01:29:41]} {[%emt 00:00:04]} 5. Re1 {[%clk 01:27:47]} {[%emt 00:00:03]}
a6 {[%clk 01:29:41]} {[%emt 00:00:07]} 6. Bf1 {[%clk 01:27:47]} {[%emt
00:00:03]} Ng6 {[%clk 01:29:41]} {[%emt 00:00:05]} 7. c3 {[%clk 01:22:48]}
{[%emt 00:05:09]} Be7 {[%clk 01:29:35]} {[%emt 00:00:16]} 8. d4 {[%clk
01:22:48]} {[%emt 00:00:05]} cxd4 {[%clk 01:29:35]} {[%emt 00:00:10]} 9. cxd4
{[%clk 01:22:43]} {[%emt 00:00:15]} d5 {[%clk 01:29:35]} {[%emt 00:00:02]} 10.
e5 {[%clk 01:22:22]} {[%emt 00:00:31]} O-O {[%clk 01:29:35]} {[%emt 00:00:06]}
11. Nc3 {[%clk 01:20:28]} {[%emt 00:02:05]} Bd7 {[%clk 01:29:35]} {[%emt
00:00:06]} 12. Be3 {[%clk 01:08:11]} {[%emt 00:12:27]} Rc8 {[%clk 01:24:26]}
{[%emt 00:05:19]} 13. Rc1 {[%clk 01:07:19]} {[%emt 00:01:02]} Qe8 {[%clk
01:08:43]} {[%emt 00:15:53]} 14. Bg5 {[%clk 01:03:15]} {[%emt 00:04:15]} Bxg5
{[%clk 01:00:17]} {[%emt 00:08:36]} 15. Nxg5 {[%clk 01:03:15]} {[%emt
00:00:03]} Qe7 {[%clk 00:59:29]} {[%emt 00:00:58]} 16. Nf3 {[%clk 01:02:34]}
{[%emt 00:00:51]} Nh4 {[%clk 00:59:00]} {[%emt 00:00:39]} 17. Nxh4 {[%clk
01:01:07]} {[%emt 00:01:38]} Qxh4 {[%clk 00:58:52]} {[%emt 00:00:18]} 18. Ne2
{[%clk 01:01:00]} {[%emt 00:00:17]} Na5 {[%clk 00:56:28]} {[%emt 00:02:34]} 19.
Qd2 {[%clk 00:55:11]} {[%emt 00:06:00]} Nc4 {[%clk 00:47:04]} {[%emt 00:09:34]}
20. Qf4 {[%clk 00:55:11]} {[%emt 00:00:08]} Qe7 {[%clk 00:40:43]} {[%emt
00:06:31]} 21. b3 {[%clk 00:55:06]} {[%emt 00:00:15]} Na5 {[%clk 00:40:19]}
{[%emt 00:00:34]} 22. Qd2 {[%clk 00:53:06]} {[%emt 00:02:10]} Qa3 {[%clk
00:37:33]} {[%emt 00:02:56]} 23. Nc3 {[%clk 00:48:32]} {[%emt 00:04:44]} Qb4
{[%clk 00:36:53]} {[%emt 00:00:49]} 24. Nb1 {[%clk 00:42:46]} {[%emt 00:05:55]}
Qb6 {[%clk 00:35:35]} {[%emt 00:01:28]} 25. Nc3 {[%clk 00:34:52]} {[%emt
00:08:04]} Nc6 {[%clk 00:35:35]} {[%emt 00:00:05]} 26. Red1 {[%clk 00:34:11]}
{[%emt 00:00:52]} Ne7 {[%clk 00:32:24]} {[%emt 00:03:21]} 27. Bd3 {[%clk
00:33:18]} {[%emt 00:01:03]} Rc7 {[%clk 00:31:47]} {[%emt 00:00:48]} 28. Ne2
{[%clk 00:33:14]} {[%emt 00:00:13]} Rfc8 {[%clk 00:31:01]} {[%emt 00:00:56]} 29.
Rxc7 {[%clk 00:33:00]} {[%emt 00:00:25]} Rxc7 {[%clk 00:31:01]} {[%emt
00:00:01]} 30. Rc1 {[%clk 00:32:25]} {[%emt 00:00:46]} Rxc1+ {[%clk 00:28:46]}
{[%emt 00:02:25]} 31. Qxc1 {[%clk 00:32:04]} {[%emt 00:00:31]} h6 {[%clk
00:27:48]} {[%emt 00:01:08]} 32. Qc3 {[%clk 00:31:20]} {[%emt 00:00:54]} Bb5
{[%clk 00:26:26]} {[%emt 00:01:31]} 33. a3 {[%clk 00:26:01]} {[%emt 00:05:30]}
Nc6 {[%clk 00:24:09]} {[%emt 00:02:27]} 34. Bxb5 {[%clk 00:22:15]} {[%emt
00:03:56]} Qxb5 {[%clk 00:24:09]} {[%emt 00:00:02]} 35. Nc1 {[%clk 00:22:15]}
Qb6 {[%clk 00:17:06]} {[%emt 00:07:14]} 36. Ne2 {[%clk 00:22:15]} {[%emt
00:00:09]} Qd8 {[%clk 00:15:45]} {[%emt 00:01:31]} 37. f4 {[%clk 00:19:18]}
{[%emt 00:03:06]} Qh4 {[%clk 00:15:38]} {[%emt 00:00:17]} 38. Qg3 {[%clk
00:16:15]} {[%emt 00:03:13]} Qh5 {[%clk 00:15:23]} {[%emt 00:00:25]} 39. Qd3
{[%clk 00:16:15]} {[%emt 00:00:09]} Qh4 {[%clk 00:12:57]} {[%emt 00:02:36]} 40.
Qg3 {[%clk 00:15:52]} {[%emt 00:00:33]} Qe7 {[%clk 00:11:45]} {[%emt 00:01:22]}
41. b4 {[%clk 00:15:52]} {[%emt 00:00:04]} Na7 {[%clk 00:11:42]} {[%emt
00:00:13]} 42. Qc3 {[%clk 00:15:36]} {[%emt 00:00:26]} Nb5 {[%clk 00:10:58]}
{[%emt 00:00:54]} 43. Qc8+ {[%clk 00:14:27]} {[%emt 00:01:20]} Kh7 {[%clk
00:10:58]} {[%emt 00:00:02]} 44. Qc1 {[%clk 00:14:27]} {[%emt 00:00:02]} Qd8
{[%clk 00:10:23]} {[%emt 00:00:46]} 45. a4 {[%clk 00:14:05]} {[%emt 00:00:32]}
Na7 {[%clk 00:10:23]} {[%emt 00:00:06]} 46. g3 {[%clk 00:12:44]} {[%emt
00:01:32]} Nc6 {[%clk 00:05:43]} {[%emt 00:04:49]} 1/2-1/2

[Event "2025 National K-12 Grade Championship"]
[Site "Spokane, WI USA, United States"]
[Date "2025.12.13"]
[Round "5.14"]
[White "Thimmasamudram, Sandeep"]
[Black "Zhu, Ryan"]
[Result "0-1"]
[TimeControl "G/90; d10"]
[WhiteFideId "30983100"]
[BlackFideId "30951828"]
[WhiteElo "2084"]
[BlackElo "2101"]

1. e4 {[%clk 01:30:00]} {[%emt 00:00:02]} c5 {[%clk 01:30:00]} {[%emt
00:00:06]} 2. Nf3 {[%clk 01:30:00]} {[%emt 00:00:03]} d6 {[%clk 01:30:00]}
{[%emt 00:00:06]} 3. Bb5+ {[%clk 01:30:00]} {[%emt 00:00:04]} Nd7 {[%clk
01:29:56]} {[%emt 00:00:14]} 4. O-O {[%clk 01:30:00]} {[%emt 00:00:05]} a6
{[%clk 01:29:45]} {[%emt 00:00:21]} 5. Bd3 {[%clk 01:30:00]} {[%emt 00:00:04]}
Ngf6 {[%clk 01:28:37]} {[%emt 00:01:17]} 6. Re1 {[%clk 01:30:00]} {[%emt
00:00:09]} b5 {[%clk 01:27:51]} {[%emt 00:00:56]} 7. c3 {[%clk 01:30:00]}
{[%emt 00:00:06]} Bb7 {[%clk 01:26:36]} {[%emt 00:01:25]} 8. Bc2 {[%clk
01:30:00]} {[%emt 00:00:10]} g6 {[%clk 01:24:29]} {[%emt 00:02:17]} 9. d4
{[%clk 01:30:00]} {[%emt 00:00:06]} Bg7 {[%clk 01:23:45]} {[%emt 00:00:54]} 10.
h3 {[%clk 01:29:36]} {[%emt 00:00:35]} O-O {[%clk 01:22:19]} {[%emt 00:01:35]}
11. Bf4 {[%clk 01:29:10]} {[%emt 00:00:37]} Re8 {[%clk 01:13:39]} {[%emt
00:08:49]} 12. Nbd2 {[%emt 00:00:57]} e5 {[%clk 01:11:00]} {[%emt 00:02:47]} 13.
dxe5 {[%clk 01:26:16]} {[%emt 00:02:20]} Nxe5 {[%clk 01:10:25]} {[%emt
00:00:44]} 14. Nxe5 {[%clk 01:25:35]} {[%emt 00:00:52]} dxe5 {[%clk 01:10:23]}
{[%emt 00:00:11]} 15. Be3 {[%clk 01:24:30]} {[%emt 00:01:16]} Qc7 {[%clk
01:09:03]} {[%emt 00:01:28]} 16. Qe2 {[%clk 01:23:49]} {[%emt 00:00:53]} c4
{[%clk 01:06:47]} {[%emt 00:02:26]} 17. Rad1 {[%clk 01:19:01]} {[%emt
00:04:58]} Rad8 {[%clk 01:04:33]} {[%emt 00:02:25]} 18. Bg5 {[%clk 01:18:04]}
{[%emt 00:01:07]} Rd7 {[%clk 01:02:53]} {[%emt 00:01:49]} 19. Bxf6 {[%clk
01:11:43]} {[%emt 00:06:32]} Bxf6 {[%clk 01:02:53]} {[%emt 00:00:08]} 20. Nf1
{[%clk 01:11:41]} {[%emt 00:00:13]} Red8 {[%clk 01:02:09]} {[%emt 00:00:54]} 21.
Ne3 {[%clk 00:53:10]} {[%emt 00:18:40]} Bg5 {[%clk 01:00:01]} {[%emt 00:02:17]}
22. Qf3 {[%clk 00:44:07]} {[%emt 00:09:14]} Rxd1 {[%clk 00:58:04]} {[%emt
00:02:07]} 23. Rxd1 {[%clk 00:43:59]} {[%emt 00:00:18]} Rxd1+ {[%clk 00:57:40]}
{[%emt 00:00:34]} 24. Bxd1 {[%clk 00:39:32]} {[%emt 00:04:37]} Qd6 {[%clk
00:48:27]} {[%emt 00:09:19]} 25. Nd5 {[%clk 00:37:18]} {[%emt 00:02:29]} Bxd5
{[%clk 00:47:24]} {[%emt 00:01:13]} 26. exd5 {[%clk 00:37:18]} {[%emt
00:00:08]} f5 {[%clk 00:46:39]} {[%emt 00:00:54]} 27. Bc2 {[%clk 00:36:36]}
{[%emt 00:00:52]} e4 {[%clk 00:45:58]} {[%emt 00:00:51]} 28. Qd1 {[%clk
00:36:35]} {[%emt 00:00:11]} e3 {[%clk 00:43:27]} {[%emt 00:02:42]} 29. fxe3
{[%clk 00:33:26]} {[%emt 00:03:19]} Bxe3+ {[%clk 00:42:29]} {[%emt 00:01:07]}
30. Kh1 {[%clk 00:31:41]} {[%emt 00:01:55]} Bc5 {[%clk 00:40:42]} {[%emt
00:01:57]} 31. a4 {[%clk 00:28:57]} {[%emt 00:02:55]} Qe5 {[%clk 00:40:07]}
{[%emt 00:00:43]} 32. axb5 {[%clk 00:27:21]} {[%emt 00:01:48]} axb5 {[%clk
00:40:07]} {[%emt 00:00:02]} 33. Qd2 {[%clk 00:24:44]} {[%emt 00:02:47]} Bd6
{[%clk 00:39:08]} {[%emt 00:01:08]} 34. Kg1 {[%clk 00:16:16]} {[%emt 00:08:38]}
Qh2+ {[%clk 00:38:27]} {[%emt 00:00:51]} 35. Kf2 {[%clk 00:14:24]} {[%emt
00:02:03]} Bc5+ {[%clk 00:34:04]} {[%emt 00:04:32]} 36. Kf3 {[%clk 00:12:54]}
{[%emt 00:01:40]} Qe5 {[%clk 00:33:58]} {[%emt 00:00:16]} 37. g4 {[%clk
00:07:42]} {[%emt 00:05:24]} fxg4+ {[%clk 00:32:54]} {[%emt 00:01:12]} 38. hxg4
{[%clk 00:07:42]} {[%emt 00:00:10]} Bd6 {[%clk 00:32:22]} {[%emt 00:00:43]} 39.
Bd1 {[%clk 00:03:53]} {[%emt 00:03:59]} Qg3+ {[%clk 00:31:52]} {[%emt
00:00:38]} 40. Ke4 {[%clk 00:03:41]} {[%emt 00:00:20]} h5 {[%clk 00:29:28]}
{[%emt 00:02:37]} 41. gxh5 {[%clk 00:01:42]} {[%emt 00:02:09]} Qe5+ {[%clk
00:29:14]} {[%emt 00:00:24]} 42. Kf3 {[%clk 00:01:42]} {[%emt 00:00:09]} Qxh5+
{[%clk 00:29:13]} {[%emt 00:00:10]} 43. Kf2 {[%clk 00:01:35]} {[%emt 00:00:17]}
Qh2+ {[%clk 00:29:13]} {[%emt 00:00:08]} 44. Ke1 {[%clk 00:01:34]} {[%emt
00:00:11]} Bg3+ {[%clk 00:29:13]} 0-1

[Event "2025 National K-12 Grade Championship"]
[Site "Spokane, WI USA, United States"]
[Date "2025.12.13"]
[Round "5.15"]
[White "Qian, Bobby"]
[Black "Javeri, Arhan"]
[Result "1-0"]
[TimeControl "G/90; d10"]
[WhiteTitle "CM"]
[WhiteFideId "30965241"]
[BlackFideId "0"]
[WhiteElo "2227"]
[BlackElo "1993"]

1. e4 {[%clk 01:30:00]} {[%emt 00:00:02]} c6 {[%clk 01:29:59]} {[%emt
00:00:11]} 2. d4 {[%clk 01:30:00]} {[%emt 00:00:05]} d5 {[%clk 01:29:59]}
{[%emt 00:00:03]} 3. Nc3 {[%clk 01:30:00]} {[%emt 00:00:03]} dxe4 {[%clk
01:29:59]} {[%emt 00:00:05]} 4. Nxe4 {[%clk 01:30:00]} {[%emt 00:00:03]} Bf5
{[%clk 01:29:59]} {[%emt 00:00:06]} 5. Ng3 {[%clk 01:30:00]} {[%emt 00:00:03]}
Bg6 {[%clk 01:29:59]} {[%emt 00:00:03]} 6. h4 {[%clk 01:30:00]} {[%emt
00:00:03]} h6 {[%clk 01:29:59]} {[%emt 00:00:04]} 7. Nf3 {[%clk 01:30:00]}
{[%emt 00:00:03]} Nd7 {[%clk 01:29:59]} {[%emt 00:00:05]} 8. h5 {[%clk
01:30:00]} {[%emt 00:00:04]} Bh7 {[%clk 01:29:59]} {[%emt 00:00:04]} 9. Bd3
{[%clk 01:30:00]} {[%emt 00:00:03]} Bxd3 {[%clk 01:29:25]} {[%emt 00:00:44]} 10.
Qxd3 {[%clk 01:30:00]} {[%emt 00:00:05]} e6 {[%clk 01:29:00]} {[%emt 00:00:35]}
11. Bf4 {[%clk 01:30:00]} {[%emt 00:00:05]} Be7 {[%clk 01:28:52]} {[%emt
00:00:18]} 12. O-O-O {[%clk 01:30:00]} {[%emt 00:00:07]} Ngf6 {[%clk 01:28:52]}
{[%emt 00:00:04]} 13. Kb1 {[%clk 01:30:00]} {[%emt 00:00:10]} O-O {[%clk
01:25:18]} {[%emt 00:03:45]} 14. Ne4 {[%clk 01:30:00]} {[%emt 00:00:04]} Nxe4
{[%clk 01:25:13]} {[%emt 00:00:15]} 15. Qxe4 {[%clk 01:30:00]} {[%emt
00:00:05]} Nf6 {[%clk 01:25:13]} {[%emt 00:00:08]} 16. Qd3 {[%clk 01:30:00]}
{[%emt 00:00:04]} c5 {[%clk 01:18:13]} {[%emt 00:07:10]} 17. Ne5 {[%clk
01:10:42]} {[%emt 00:19:28]} Nd5 {[%clk 01:11:24]} {[%emt 00:06:59]} 18. Bc1
{[%clk 01:08:55]} {[%emt 00:01:58]} cxd4 {[%clk 01:00:21]} {[%emt 00:11:12]} 19.
Qxd4 {[%clk 01:07:30]} {[%emt 00:01:35]} Bf6 {[%clk 00:51:31]} {[%emt
00:09:00]} 20. f4 {[%clk 01:04:35]} {[%emt 00:03:06]} Qc7 {[%clk 00:47:41]}
{[%emt 00:03:59]} 21. Qe4 {[%clk 01:00:35]} {[%emt 00:04:10]} a5 {[%clk
00:39:41]} {[%emt 00:08:10]} 22. g4 {[%clk 00:59:09]} {[%emt 00:01:37]} a4
{[%clk 00:39:12]} {[%emt 00:00:39]} 23. g5 {[%clk 00:54:48]} {[%emt 00:04:31]}
hxg5 {[%clk 00:37:49]} {[%emt 00:01:33]} 24. h6 {[%clk 00:53:25]} {[%emt
00:01:33]} g6 {[%clk 00:36:35]} {[%emt 00:01:24]} 25. Nxg6 {[%clk 00:52:15]}
{[%emt 00:01:21]} Qb6 {[%clk 00:30:24]} {[%emt 00:06:20]} 26. h7+ {[%clk
00:46:51]} {[%emt 00:05:34]} Kg7 {[%clk 00:30:24]} {[%emt 00:00:10]} 27. Rxd5
{[%clk 00:42:54]} {[%emt 00:04:07]} exd5 {[%clk 00:28:25]} {[%emt 00:02:09]} 28.
Nxf8 {[%clk 00:42:54]} {[%emt 00:00:07]} Rxf8 {[%clk 00:27:43]} {[%emt
00:00:52]} 29. Qxa4 {[%clk 00:41:53]} {[%emt 00:01:12]} Rh8 {[%clk 00:23:43]}
{[%emt 00:04:10]} 30. fxg5 {[%clk 00:41:23]} {[%emt 00:00:41]} Be5 {[%clk
00:23:14]} {[%emt 00:00:38]} 31. Rh6 {[%clk 00:35:39]} {[%emt 00:05:54]} Qg1
{[%clk 00:21:46]} {[%emt 00:01:37]} 32. g6 {[%clk 00:33:55]} {[%emt 00:01:55]}
Bf6 {[%clk 00:20:03]} {[%emt 00:01:52]} 33. Qf4 {[%clk 00:29:27]} {[%emt
00:04:38]} Qd4 {[%clk 00:12:17]} {[%emt 00:07:57]} 34. Qc7 {[%clk 00:28:30]}
{[%emt 00:01:07]} Rf8 {[%clk 00:11:46]} {[%emt 00:00:41]} 35. Qxf7+ {[%clk
00:27:47]} {[%emt 00:00:53]} 1-0